Представление документа в формате MARC21

Поле Инд. ПП Название Значение
Тип записи a
Библиографический уровень m
001 Контрольный номер b3727d28f9d040d1a04e07c7701d12e3
005 Дата корректировки 20201112171452.1
008 Кодируемые данные 201112s1981 ru |||||||||||000|||rus|d
040 a Служба первич. каталог. ЦГБ г. В. Луки
b Код языка каталог. rus
041 0_ a Код языка текста rus
084 2 Источник индекса rubbk
a Индекс другой классификации/Индекс ББК 65.049(2)
090 x Авторский знак М 12
j Имя библиотеки ЦГБ г. В. Луки
097 b Оператор САВ-р
100 1_ a Автор Мазовер Я. А.
245 10 a Заглавие Важнейший топливо-энергетический комплекс СССР : Канско-Ачинский топливно-энергетический комплекс
c Ответственность Я. А. Мазовер
260 a Место издания Москва
b Издательство Знание
c Дата издания 1981
300 a Объем 64 с.
490 00 a Заглавие серии Новое в жизни, науке, технике. "Экономика и организация производства"
v N тома № 11
650 14 a Основная рубрика Экономика
653 1_ a Ключевые слова экономика
901 t Тип документа m